Statistiques concernant Langues officielles par pays d'Afrique

Cliquez ici pour prendre le quiz!

Statistiques générales

  • Ce quiz a été pris 225 fois
  • Le résultat moyen est 43 sur 54

Statistiques - réponses

PaysLangue% Correct
AlgérieArabe / Tamazight
99%
Afrique du SudAfrikaans / Anglais / Ndébélé / Sotho du Sud / Sotho du Nord / Swati / Tsonga / Tswana / Venda / Xhosa / Zoulou
98%
ÉgypteArabe
91%
MarocArabe / Amazighe
89%
ComoresComorien / Français / Arabe
89%
Côte d'IvoireFrançais
88%
CamerounFrançais / Anglais
88%
BéninFrançais
87%
LibyeArabe
86%
DjiboutiArabe / Français
86%
Burkina FasoFrançais
85%
BurundiFrançais / Kirundi / Anglais
85%
MadagascarMalgache / Français
85%
île Maurice (pas de langue officielle)Anglais / Français / Créole mauricien
83%
BotswanaAnglais / Tswana
83%
Guinée équatorialeEspagnol / Français / Portugais
83%
GabonFrançais
83%
MaliFrançais
83%
TunisieArabe
82%
MauritanieArabe / Français
82%
Rép dém du CongoFrançais
82%
GuinéeFrançais
82%
Cap-VertPortugais / Créole capverdien
82%
Rép du CongoFrançais
81%
SénégalFrançais
81%
RwandaKinyarwanda / Français / Anglais / Swahili
81%
AngolaPortugais
81%
LiberiaAnglais
80%
GhanaAnglais
80%
KenyaSwahili / Anglais
80%
EswatiniSwati / Anglais
80%
NigeriaAnglais
79%
SoudanArabe / Anglais
79%
SeychellesCréole seychellois / Français / Anglais
79%
Rép centrafricaineFrançais / Sango
79%
LesothoSotho du Sud / Anglais
79%
ÉrythréeTigrigna / Arabe / Anglais
79%
NamibieAnglais
78%
MalawiAnglais / Chewa
78%
OugandaAnglais / Swahili
78%
NigerFrançais
78%
GambieAnglais
77%
TanzanieSwahili / Anglais
77%
TchadFrançais / Arabe
76%
Sierra LeoneAnglais
75%
Soudan du SudAnglais
75%
ZambieAnglais
75%
TogoFrançais
75%
Guinée-BissauPortugais
75%
ZimbabweShona / Ndébélé / Chewa / Chibarwe / Anglais / Kalanga / Khoïsan / Nambya / Ndau / Shangani / Sotho / Tonga / Tswana / Venda / Xhosa
73%
SomalieSomali / Arabe
72%
Sao Tomé-et-PrincipePortugais
70%
MozambiquePortugais
64%
ÉthiopieAmharique
28%

Distribution des résultats

Percentile par nombre de réponses

% des personnes avec chaque résultat

Votre développement - résultats

Vous n’avez pas pris ce quiz